Catálogo

LA PARTICIPACION EN LA EMPRESA (Registro nro. 58798)

Detalles MARC
000 -LEADER
fixed length control field 00613nam a2200193 a 4500
001 - CONTROL NUMBER
control field 58798
005 - DATE AND TIME OF LATEST TRANSACTION
control field 20180714055532.0
008 - FIXED-LENGTH DATA ELEMENTS--GENERAL INFORMATION
fixed length control field 140415s2012 mx 000 0 spa d
020 ## - INTERNATIONAL STANDARD BOOK NUMBER
International Standard Book Number 9786077592846
041 ## - LANGUAGE CODE
Language code of text/sound track or separate title spa
082 ## - DEWEY DECIMAL CLASSIFICATION NUMBER
Classification number 262.91
Item number SER
100 1# - MAIN ENTRY--PERSONAL NAME
Personal name SERVITJE SENDRA, ROBERTO
245 13 - TITLE STATEMENT
Title LA PARTICIPACION EN LA EMPRESA
250 ## - EDITION STATEMENT
Edition statement 2a ed.
260 ## - PUBLICATION, DISTRIBUTION, ETC.
Place of publication, distribution, etc. MEXICO :
Name of publisher, distributor, etc. IMDOSOC,
Date of publication, distribution, etc. 2012
300 ## - PHYSICAL DESCRIPTION
Extent 22
Dimensions x 21.5
490 ## - SERIES STATEMENT
Series statement COL. ARCHIVO MOTOLINIA
650 14 - SUBJECT ADDED ENTRY--TOPICAL TERM
Topical term or geographic name entry element LIBERTAD RELIGIOSA
General subdivision RELIGION Y SOCIOLOGIA
-- RELIGION
-- HISTORIA
-- MEXICO
-- IGLESIA Y PROBLEMAS SOCIALES MEXICO HISTORIA SIGLO XX
Existencias
Withdrawn status Lost status Source of classification or shelving scheme Damaged status Not for loan Home library Current library Date acquired Source of acquisition Total Checkouts Full call number Barcode Price effective from Koha item type Collection code Shelving location Inventory number Date last seen
Descarte   Dewey Decimal Classification     Biblioteca Karol Wojtyla Biblioteca Karol Wojtyla 03/12/2013 Compra   262.91 SER 31024 03/12/2013 Libro        
    Dewey Decimal Classification   Consulta en sala Biblioteca Karol Wojtyla Biblioteca Karol Wojtyla 03/12/2013 Compra   262.91 SER 88967 03/12/2013 Libro Archivo Motolinia Sala "Colecciones Especiales" 151000000000000000082451 05/01/2026